Biggest Cities in Egypt by Year - Statistics

General Stats
  • This quiz has been taken 20 times
  • The average score is 7 of 21
Answer Stats
Year City Population % Correct
2025 Alexandria 5,807,000
100%
2025 Cairo 23,074,000
100%
200 B.C.E. Thebes 30,000
95%
200 B.C.E. Memphis 70,000
84%
2025 Suez 698,000
74%
2025 Port Said 808,000
63%
1300 Damietta 108,000
32%
1900 Asyut 42,000
26%
2025 Mansoura 607,000
26%
1250 B.C.E. Heliopolis 20,000
16%
1980 Tanta 302,000
16%
2500 B.C.E. Bubastis 4,000
5%
200 B.C.E. Djanet 30,000
5%
200 B.C.E. Hermopolis 30,000
5%
1250 B.C.E. Pi-Ramesses 70,000
5%
1300 Qus 50,000
5%
200 B.C.E. Sais 30,000
5%
1200 Tinnis 125,000
5%
1980 Al-Mahallah al-Kubra 315,000
0%
2500 B.C.E. Buto 4,000
0%
1250 B.C.E. Heracleopolis 20,000
0%
No matching quizzes found
Score Distribution
Percent of People with Each Score
Percentile by Number Answered
Your Score History
You have not taken this quiz